000 00896nam a2200241Ii 4500
003 JO-AjNU
008 230605s9999||||xx |||||||||||||| ||und||
017 _a2006/6019
020 _a99901-15-45-1
040 _aJO-AjNU
_bara
_erda
_cJO-AjNU
041 _aara
050 1 4 _aKMC982.C75.B75.2007
100 3 _aالبطراوي ، عبدالوهاب عمر ,
_eauthor
_953135
245 0 0 _aشرح جرائم ضد الأموال مقارنة بالقانون المصري والليبي والعراقي والأردني
250 _aط1
264 3 1 _aمملكة البحرين :جامعة العلوم التطبيقية، 2006
300 _a227ص
336 _atext
_btxt
_2rdacontent
337 _aunmediated
_bn
_2rdamedia
338 _avolume
_bnc
_2rdacarrier
490 0 _aسلسلة الكتب القانونية (3)
650 4 _aجرائم أموال -- البحرين
_953136
999 _aA23580
_c27148
_d27148